000 00339nam a2200121Ia 4500
005 20260328104247.0
008 260328s9999||||xx |||||||||||||| ||und||
100 _aLe Corbusier
245 0 _a Entretien :
_b avec les etudiants des ecoles D´ Architecture /
_cLe Corbusier
260 _bEditions de Minuit
650 _aTEORÍA
942 _cBK
999 _c10113
_d10113